000 01157 a2200229 4500
008 080825t xxu||||| |||| 00| 0 hin d
010 _aHIN-82959
020 _a8179700550
_c75.00
035 _aHN-55305
037 _bपु.प्र.अ.प्र/प्रका
082 _a821
100 _aनवीन 'नीर'
245 _aकविता का आगमन: (कविता संग्रह) /
_cनवीन 'नीर'
246 _aKavita ka Aagman
_bby Naveen 'Neer'
260 _aगाजियाबाद
_bरणविजय प्रकाशन
_c2006
270 _aप्लाट नं- 146 द्वितीय तल, ज्ञानखंड-3,इंदिरापुरम
_bगाजियाबाद
_c(उ.प्र.)
_e201010
300 _a87पृ
_c22 सेमी (सजिल्द)
650 _aहिन्दी कविताएँ
650 _aHindi Poems
942 _adpl
_cHN
_k821 / नवीन
_2ddc
_h821
_mनवीन
999 _c11409
_d11409